Statistics for 100 Biggest Cities on an Empty Map

Click here to take the quiz!

General Stats

  • This quiz has been taken 6,244 times
  • The average score is 57 of 100

Answers on the Map

Answers color-coded by a green-red scale on the quiz's map according to % correct below.
Loading ...
 

Answer Stats

PopulationUrban Area% Correct
22.0 mil20+ MillionNew York City
97%
11.2 mil10+ MillionParis
95%
14.4 mil10+ MillionLondon
95%
16.9 mil10+ MillionMoscow
93%
17.6 mil10+ MillionLos Angeles
93%
39.5 mil20+ MillionTokyo
92%
6.25 mil6+ MillionMadrid
90%
22.1 mil20+ MillionMexico City
90%
21.1 mil20+ MillionBeijing
89%
4.50 mil4+ MillionBerlin
89%
4.90 mil4+ MillionSydney
88%
12.7 mil10+ MillionRio de Janeiro
87%
26.4 mil20+ MillionDelhi
84%
9.80 mil6+ MillionChicago
84%
15.8 mil10+ MillionBuenos Aires
82%
7.60 mil6+ MillionSan Francisco
82%
16.8 mil10+ MillionCairo
81%
5.45 mil4+ MillionSaint Petersburg
80%
6.10 mil6+ MillionMiami
79%
30.9 mil20+ MillionShanghai
79%
7.35 mil6+ MillionBoston
78%
23.2 mil20+ MillionMumbai
78%
4.65 mil4+ MillionBarcelona
78%
8.35 mil6+ MillionWashington, DC
78%
28.1 mil20+ MillionJakarta
77%
14.3 mil10+ MillionIstanbul
77%
13.4 mil10+ MillionJohannesburg
76%
24.4 mil20+ MillionSeoul
76%
6.20 mil6+ MillionHouston
76%
6.55 mil6+ MillionDallas
76%
21.8 mil20+ MillionSão Paulo
75%
4.40 mil4+ MillionMelbourne
75%
7.05 mil6+ MillionSantiago
74%
9.95 mil6+ MillionLima
74%
7.10 mil6+ MillionToronto
72%
6.90 mil6+ MillionSingapore
71%
7.25 mil6+ MillionHong Kong
71%
16.9 mil10+ MillionBangkok
71%
13.7 mil10+ MillionTehran
69%
23.3 mil20+ MillionManila
69%
9.35 mil6+ MillionBogotá
68%
7.30 mil6+ MillionPhiladelphia
68%
17.1 mil10+ MillionLagos
67%
17.8 mil10+ MillionOsaka
65%
5.70 mil4+ MillionDetroit
64%
4.68 mil4+ MillionAnkara
64%
6.85 mil6+ MillionBaghdad
64%
5.50 mil4+ MillionAtlanta
63%
7.00 mil6+ MillionKuala Lumpur
63%
5.15 mil4+ MillionMilan
62%
5.20 mil4+ MillionNairobi
61%
16.0 mil10+ MillionKolkata
60%
47.7 mil20+ MillionGuangzhou
58%
4.33 mil4+ MillionPhoenix
58%
10.6 mil10+ MillionKinshasa
57%
5.15 mil4+ MillionAlexandria
57%
17.6 mil10+ MillionDhaka
56%
24.3 mil20+ MillionKarachi
54%
8.25 mil6+ MillionHo Chi Minh City
54%
6.70 mil6+ MillionRiyadh
52%
9.05 mil6+ MillionTaipei
50%
10.0 mil10+ MillionChennai
46%
4.85 mil4+ MillionCologne / Düsseldorf
45%
10.5 mil10+ MillionBangalore
45%
4.58 mil4+ MillionAccra
44%
4.98 mil4+ MillionGuadalajara
44%
10.2 mil10+ MillionLahore
44%
5.55 mil4+ MillionKhartoum
43%
6.80 mil6+ MillionLuanda
42%
5.30 mil4+ MillionDar es Salaam
42%
6.65 mil6+ MillionXi'an
40%
4.68 mil4+ MillionColombo
39%
9.00 mil6+ MillionHyderabad
37%
8.00 mil6+ MillionWuhan
36%
11.4 mil10+ MillionTianjin
36%
10.4 mil10+ MillionNagoya
36%
4.93 mil4+ MillionBelo Horizonte
36%
4.65 mil4+ MillionMonterrey
34%
9.60 mil6+ MillionChengdu
32%
7.45 mil6+ MillionAhmedabad
30%
5.15 mil4+ MillionYangon
30%
5.05 mil4+ MillionAbidjan
29%
6.85 mil6+ MillionNanjing
28%
10.0 mil10+ MillionXiamen
27%
7.05 mil6+ MillionChongqing
26%
5.15 mil4+ MillionHarbin
26%
6.10 mil6+ MillionPune
24%
4.53 mil4+ MillionChittagong
23%
4.70 mil4+ MillionSurabaya
22%
8.30 mil6+ MillionHangzhou
20%
5.95 mil4+ MillionBandung
20%
5.70 mil4+ MillionSurat
17%
7.65 mil6+ MillionShenyang
17%
5.70 mil4+ MillionQingdao
16%
4.50 mil4+ MillionDalian
15%
4.68 mil4+ MillionZhengzhou
13%
4.55 mil4+ MillionHefei
12%
4.45 mil4+ MillionChangsha
12%
7.95 mil6+ MillionShantou
11%
5.90 mil4+ MillionWenzhou
10%

Score Distribution

Percentile by Number Answered

Percent of People with Each Score

Your Score History

You have not taken this quiz